000 00903cab a2200265 4500
001 WB2926-09
008 090401t1993 xxu||||| |||| 00| 0 eng d
035 _a(Sirsi) u67723
041 _aeng
100 _aMacdonagh, Lesley
245 _aDealing with asbestos safely and legally
260 _c1993
350 _a0
490 _aCSW - The Property Week
_v44(2) 8 July 1993, 60(1)
520 _aDiscusses the use of asbestos in buildings with reference to the relevant legislation and liability issues.
650 _aMANAGEMENT-HEALTH AND SAFETY-HAZARDOUS SUBSTANCES-ASBESTOS
650 _aCARCINOGENS
650 _aCONTROL OF ASBESTOS AT WORK REGULATIONS 1987
650 _aHEALTH & SAFETY
650 _aHEALTH AND SAFETY AT WORK ETC ACT 1974
690 _aBUILT ENVIRONMENT-BUILDING MATERIALS
690 _aBUILT ENVIRONMENT-BUILDING STANDARDS
942 _n0
948 _c04/03/1997
999 _c42406
_d42406